| 000 | 00416nam a22001697a 4500 | ||
|---|---|---|---|
| 005 | 20160524095457.0 | ||
| 008 | 160524b xxu||||| |||| 00| 0 eng d | ||
| 020 | _a81-203-2453-6 | ||
| 041 | _aeng | ||
| 082 | _b4478 | ||
| 100 |
_aKothari, D.P & Saxena, Anshu _91108 |
||
| 245 | _aHyper Media | ||
| 260 |
_aNew Delhi _bAcademic Faundation |
||
| 300 | _a237 | ||
| 650 |
_aInformation Technology _9137 |
||
| 942 | _cBK | ||
| 999 |
_c1504 _d1504 |
||